15 most guessed Hunger Games characters - Statistics

General Stats
  • This quiz has been taken 256 times
  • The average score is 11 of 15
Answer Stats
Guess percentage Character % Correct
99% Katniss Everdeen
100%
96% Peeta Mellark
100%
99% Primrose Everdeen
95%
93% Gale Hawthorne
94%
84% Haymitch Abernathy
90%
91% Coriolanus Snow
88%
71% Effie Trinket
88%
90% Rue
77%
75% Cato
73%
81% Cinna
64%
66% Glimmer
54%
65% Thresh
54%
73% Foxface
38%
77% Caesar Flickerman
33%
64% Plutarch Heavensbee
24%
No matching quizzes found
Score Distribution
Percent of People with Each Score
Percentile by Number Answered
Your Score History
You have not taken this quiz